00454 2200193 4500245003600000020001800036250001100054100001500065700002200080700001000102650001700112005001900129260003100148041001400179084001300193300003400206336000900240338001100249 aBleach Vol. 7cKubo, TitehText a9789792315028 aCet. 2 aKubo, Tite aArdiatma Mardhika aLenny aKomik Jepang a20230206100149 aJakartabPT Gramediac2009 aIndonesia a741.5592 a... jil. :bilus. ;c17,5 cm. atext avolume